Ecosystem modeling in theory and practice (Record no. 7097)

000 -LEADER
fixed length control field 00677nam a2200229 i 4500
001 - CONTROL NUMBER
control field 7097
003 - CONTROL NUMBER IDENTIFIER
control field BD-DhUET
008 - FIXED-LENGTH DATA ELEMENTS--GENERAL INFORMATION
fixed length control field 761126s1977 nyua b 001 0 eng
020 ## - INTERNATIONAL STANDARD BOOK NUMBER
International Standard Book Number 0471341657
040 ## - CATALOGING SOURCE
Original cataloging agency DLC
Transcribing agency DLC
Modifying agency BD-DhUET
082 ## - DEWEY DECIMAL CLASSIFICATION NUMBER
Classification number 574.5
Item number HAL/1977
245 00 - TITLE STATEMENT
Title Ecosystem modeling in theory and practice
Remainder of title an introduction with case histories
Statement of responsibility, etc. Edited by Charles A. S. Hall and John W. Day
250 ## - EDITION STATEMENT
Edition statement 1st ed.
260 ## - PUBLICATION, DISTRIBUTION, ETC. (IMPRINT)
Place of publication, distribution, etc. New York
Name of publisher, distributor, etc. John Wiley
Date of publication, distribution, etc. 1977
300 ## - PHYSICAL DESCRIPTION
Extent xxiii, 684p.
Other physical details ill.
Dimensions 24 cm.
504 ## - BIBLIOGRAPHY, ETC. NOTE
Bibliography, etc Includes bibliographies
650 #0 - SUBJECT ADDED ENTRY--TOPICAL TERM
Topical term or geographic name as entry element Ecology
650 #0 - SUBJECT ADDED ENTRY--TOPICAL TERM
Topical term or geographic name as entry element Biological models
700 1# - ADDED ENTRY--PERSONAL NAME
Personal name Hall, Charles A. S.
700 ## - ADDED ENTRY--PERSONAL NAME
Personal name Day, John W.
942 ## - ADDED ENTRY ELEMENTS (KOHA)
Koha item type Edited Book
Holdings
Location (home branch) Price effective from Piece designation (barcode) Withdrawn status Sublocation or collection (holding branch) Copy number Koha item type Koha full call number Shelving location Source of classification or shelving scheme Koha date last seen Koha normalized classification for sorting Date acquired Not for loan Lost status Damaged status
Central Library, BUET2014-12-0748228 Central Library, BUET1Edited Book574.5/HAL/1977Circulation section 2014-12-07574_000000000000000_5HAL19772014-12-07